| 000 | 00000nas 2200000za 4500 |
| 001 | 9.836535 |
| 003 | CaOODSP |
| 005 | 20221107150922 |
| 007 | cr ||||||||||| |
| 008 | 170511d20112012qucar p o|s||f0 b0fre|d |
| 040 | |aCaOODSP|bfre |
| 043 | |an-cn--- |
| 086 | 1 |aIu90-1/12F-pdf |
| 110 | 2 |aDéveloppement économique Canada pour les régions du Québec. |
| 245 | 10|aLoi sur la protection des renseignements personnels, rapport annuel au Parlement |h[ressource électronique]. |
| 260 | |a[Montréal] : |bDéveloppement économique Canada pour les régions du Québec, |c[2011-2012] |
| 310 | |aAnnuel |
| 362 | 1 |aParaît depuis : 2010/2011 ; ne paraît plus après : 2011/2012. |
| 500 | |aPubl. aussi en anglais sous le titre : Privacy Act, annual report to Parliament. |
| 692 | 07|2gccst|aVie privée |
| 775 | 08|tPrivacy Act, annual report to Parliament |w(CaOODSP)9.836534 |
| 785 | 00|tRapport sur l'administration de la Loi sur la protection des renseignements personnels |w(CaOODSP)9.503914 |